<?xml version="1.0" encoding="UTF-8"?>
<record
    xmlns:xsi="http://www.w3.org/2001/XMLSchema-instance"
    xsi:schemaLocation="http://www.loc.gov/MARC21/slim http://www.loc.gov/standards/marcxml/schema/MARC21slim.xsd"
    xmlns="http://www.loc.gov/MARC21/slim">

  <leader>01559nam a22002297a 4500</leader>
  <datafield tag="999" ind1=" " ind2=" ">
    <subfield code="c">6683</subfield>
    <subfield code="d">6683</subfield>
  </datafield>
  <controlfield tag="003">DO-SdBJH</controlfield>
  <controlfield tag="005">20211012144920.0</controlfield>
  <controlfield tag="008">211012b           ||||| |||| 00| 0 spa d</controlfield>
  <datafield tag="040" ind1=" " ind2=" ">
    <subfield code="a">DO-SdBJH</subfield>
    <subfield code="b">spa</subfield>
    <subfield code="c">DO-SdBJH</subfield>
  </datafield>
  <datafield tag="090" ind1=" " ind2=" ">
    <subfield code="a">TG EGDC</subfield>
    <subfield code="b">01746 2020</subfield>
  </datafield>
  <datafield tag="100" ind1="1" ind2=" ">
    <subfield code="a">&#xD1;urinda Baltodano, Elmo Efra&#xED;n</subfield>
    <subfield code="e">sustentante</subfield>
  </datafield>
  <datafield tag="245" ind1="1" ind2="0">
    <subfield code="a">Operaciones de desminado humanitario en Nicaragua: causas, evoluci&#xF3;n, logros y desaf&#xED;os entre los a&#xF1;os 2017-2019 / </subfield>
    <subfield code="c"> Elmo Efra&#xED;n &#xD1;urinda Baltodano, asesores S&#xF3;stenes Juan P&#xE9;rez Richiez, Johany Josefina Acevedo Cabrera</subfield>
  </datafield>
  <datafield tag="260" ind1=" " ind2=" ">
    <subfield code="a">Santo Domingo :</subfield>
    <subfield code="b">INSUDE, </subfield>
    <subfield code="c">2020</subfield>
  </datafield>
  <datafield tag="300" ind1=" " ind2=" ">
    <subfield code="a">iv, 91 p&#xE1;ginas</subfield>
  </datafield>
  <datafield tag="502" ind1=" " ind2=" ">
    <subfield code="a">Tesis (Diplomado en Comando y Estado Mayor Conjunto) -- Instituto Superior para la Defensa (INSUDE). &#x2013; Escuela de Graduados de Doctrina Conjunta &#x201C;General de Divisi&#xF3;n Gregorio Luper&#xF3;n&#x201D; 2020.</subfield>
  </datafield>
  <datafield tag="504" ind1=" " ind2=" ">
    <subfield code="a"> Incluye referencias bibliogr&#xE1;ficas e &#xED;ndices</subfield>
  </datafield>
  <datafield tag="505" ind1=" " ind2=" ">
    <subfield code="a">Causas y consecuencias del uso de las minas en los conflictos b&#xE9;licos. -- M&#xE9;todos y procedimientos de las operaciones de desminado humanitario. -- Resultado del desminado humanitario en la Rep&#xFA;blica de Nicaragua, entre los a&#xF1;os 2017-2019. -- Desaf&#xED;os del Ejercito de Nicaragua ante los restos explosivos de guerra diseminados en el territorio Nicaraguense</subfield>
  </datafield>
  <datafield tag="700" ind1="1" ind2=" ">
    <subfield code="a">S&#xF3;stenes Juan P&#xE9;rez Richiez,</subfield>
    <subfield code="e">asesor</subfield>
  </datafield>
  <datafield tag="700" ind1="1" ind2=" ">
    <subfield code="a">Johany Josefina Acevedo Cabrera</subfield>
    <subfield code="e">asesor</subfield>
  </datafield>
  <datafield tag="830" ind1=" " ind2=" ">
    <subfield code="a">INSUDE.  Escuela de Graduados de Doctrina Conjunta &#x201C;General de Divisi&#xF3;n Gregorio Luper&#xF3;n&#x201D; 2017. Tesis y disertaciones acad&#xE9;micas</subfield>
  </datafield>
  <datafield tag="942" ind1=" " ind2=" ">
    <subfield code="2">CL</subfield>
    <subfield code="c">T</subfield>
  </datafield>
  <datafield tag="952" ind1=" " ind2=" ">
    <subfield code="0">0</subfield>
    <subfield code="1">0</subfield>
    <subfield code="2">CL</subfield>
    <subfield code="4">0</subfield>
    <subfield code="7">1</subfield>
    <subfield code="8">TG</subfield>
    <subfield code="a">BJHA</subfield>
    <subfield code="b">BJHA</subfield>
    <subfield code="d">2021-10-12</subfield>
    <subfield code="i">01746</subfield>
    <subfield code="l">0</subfield>
    <subfield code="o">TG EGDC 01746 2020</subfield>
    <subfield code="p">01746</subfield>
    <subfield code="r">2021-10-12 00:00:00</subfield>
    <subfield code="t">e.1</subfield>
    <subfield code="w">2021-10-12</subfield>
    <subfield code="y">T</subfield>
  </datafield>
</record>
